NFL Week 1 Fantasy Leaders 2025-2026 - Statistics

General Stats
  • This quiz has been taken 447 times
  • The average score is 11 of 20
Answer Stats
Position Points Player % Correct
38.8 QB Josh Allen
98%
29.4 QB Lamar Jackson
91%
26 QB Patrick Mahomes
78%
29.2 RB Derrick Henry
71%
24.3 QB Jalen Hurts
69%
27.9 QB Justin Herbert
69%
29.5 QB Daniel Jones
68%
25.7 QB Aaron Rodgers
56%
29.5 QB Justin Fields
55%
23.1 WR Puka Nacua
55%
24.2 QB Caleb Williams
53%
24.4 RB Bijan Robinson
51%
23.2 RB Christian McCaffrey
46%
28.1 WR Zay Flowers
42%
23.6 WR Emeka Egbuka
38%
23.2 QB JJ McCarthy
36%
24.9 WR Quentin Johnston
36%
24 QB Michael Penix Jr.
34%
25.2 WR Keon Coleman
26%
22.6 WR Deebo Samuel
17%
No matching quizzes found
Score Distribution
Percent of People with Each Score
Percentile by Number Answered
Your Score History
You have not taken this quiz